00473nam a2200145Ia 4500008004100000020001400041050001500055100001600070245003800086260004400124300002400168650001300192999001900205952010300224150202s9999 xx 000 0 und d a140132911 aFIC bFIC  aJames, P.D. aDevices and desires /cP.D. James aGreat Britain :bPenguin Books ,c1989. a503 pages :c18 cm. aFiction. c282114d282114 001040aSMCbSMCcFICd2015-02-02l0oFIC J23d 1989pSMC2175r2015-02-02 00:00:00w2015-02-02yBK